000
00229nam a22001097a 4500
082
_a
520
_b
HAW/B
100
_a
172
245
_a
BLACK HOLES AND BABY UNIVERSES
300
_a
172
650
_a
PERSONALITY DEVELOPMENT
942
_c
BK
999
_c
5315
_d
5315